| 000 | 00000nam##2200000za#4500 |
| 001 | 9.625379 |
| 003 | CaOODSP |
| 005 | 20210420090206 |
| 007 | ta |
| 008 | 150406|2000||||xxc||||| f|0| 0 fre|d |
| 020 | |a0-662-84886-1 |
| 040 | |aCaOODSP|bfre |
| 043 | |an-cn--- |
| 086 | 1 |aH42-2/67-21-2000F |
| 110 | 1 |aCanada. |bDirection générale des produits de santé et des aliments. |
| 245 | 10|aPréparation et caractérisation des substrats cellulaires utilisés pour la production de produits biologiques ou issus de la biotechnologie / |cPublié par le Conférence internationale sur l'harmonisation des exigences techniques relatives à l'homologation des produits pharmaceutiques à l'usage humain. |
| 260 | |aOttawa - Ontario : |bSanté Canada. |c2000. |
| 300 | |aii, 18p. ; |c28 cm. |
| 490 | 1 |aLigne directrice à l'intention de l'industrie|vICH thème Q5D |
| 563 | |aFeuilles mobiles |
| 590 | |a01-08|b2001-02-23 |
| 691 | 07|aBiotechnologie|2gcpds |
| 691 | 07|aProduit biochimique|2gcpds |
| 776 | 0#|tPréparation et caractérisation des substrats cellulaires utilisés pour la production de produits biologiques ou issus de la biotechnologie |w(CaOODSP)9.603929 |
| 830 | #0|aLigne directrice à l'intention de l'industrie ;|vICH thème Q5D|w(CaOODSP)9.513090 |